000 00340nam a2200157Ia 4500
003 Ost
005 20260225132551.0
008 260225s9999||||xx |||||||||||||| ||und||
040 _cfsic
041 _afre
082 _a920
100 _aP.E. sales coms
_eAuteur
245 0 _aJean vicor /
245 0 _cP.E. sales coms
942 _cكتاب
999 _c34133
_d34133